|
|
|
|
| LEADER |
00000nam a2200000Ia 4500 |
| 008 |
180427b1999 cr ||||| |||| 00| | spa d |
| 999 |
|
|
|c 1843
|d 1843
|
| 090 |
|
|
|a 06.03.06
|b 929
|
| 110 |
1 |
|
|a Costa Rica, Ministerio de Educación Pública. División de Control de Calidad. Departamento de Pruebas Nacionales. Sistema de Educación Formal
|9 3628
|
| 245 |
1 |
0 |
|a Resultados de las pruebas nacionales de conclusión del segundo ciclo de la educación general básica 1999
|
| 260 |
|
|
|a San José, Costa Rica :
|b El Ministerio,
|c 1999
|
| 300 |
|
|
|a 26 páginas
|
| 650 |
1 |
4 |
|a EDUCACIÓN PRIMARIA
|9 367
|
| 650 |
1 |
4 |
|a PRUEBAS
|9 629
|
| 942 |
|
|
|i 001521
|h 06.03.06 929
|2 z
|c 01
|